Normal view
MARC view
- Abdur Rafay Muhammad Arham Khalil Harawal Ehsan
Entry Personal Name
001 - CONTROL NUMBER
- control field: 100911
003 - CONTROL NUMBER IDENTIFIER
- control field: NUST
005 - DATE AND TIME OF LATEST TRANSACTION
- control field: 20221020093557.0
008 - FIXED-LENGTH DATA ELEMENTS
- fixed length control field: 221020|| aca||aabn | a|a d
040 ## - CATALOGING SOURCE
- Original cataloging agency: NUST
- Transcribing agency: NUST
100 ## - HEADING--PERSONAL NAME
- Personal name: Abdur Rafay Muhammad Arham Khalil Harawal Ehsan
670 ## - SOURCE DATA FOUND
- Source citation: Work cat.: (NUST): Abdur Rafay Muhammad Arham Khalil Harawal Ehsan , PR-SOF-2158-Soft Robotic Gripper For Optimizing Picking & Placing In Food & Fruit Industry, 2022.
